THE ASSOCIATION OF ANTHROPOMETRIC INDICES OF REGIONAL ADIPOSITY WITH ELEVATED BLOOD PRESSURE IN BOYS AND ADULT MEN IN BRATISLAVA

Bibliographic Details
Main Author: Regecová, Valéria, 1954-2020 (Author)
Format: Article
Language:English

MARC

LEADER 00000nab a2200000 a 4500
001 vtls011732445
003 SK-MaSNL
005 20260303190421.0
008 230222|2003 xo |||||||||||||||||eng
015 |a SNBRB 
035 |a (urnnbn)urn:nbn:sk:snk:ar-a08mr1 
035 |a urn:nbn:sk:snk-abf9w4 
035 |a (uuid)f274916d-536d-40ee-b459-26530764cce6 
040 |a SNKBUCL  |b slo  |c SNKBUCL  |e AACR2 
041 0 |a eng 
044 |a xo  |c SK 
100 1 |a Regecová, Valéria,  |d 1954-2020  |4 aut  |9 232168 
245 1 0 |a THE ASSOCIATION OF ANTHROPOMETRIC INDICES OF REGIONAL ADIPOSITY WITH ELEVATED BLOOD PRESSURE IN BOYS AND ADULT MEN IN BRATISLAVA  |c Valéria Regecová 
773 0 |t Slovenská antropológia : bulletin Slovenskej antropologickej spoločnosti pri SAV  |g Roč. 6(1), č. 1 (2003), s. 107-111 
958 |a OND 
958 |a EUIPO 
958 |a article24 
999 |c 2136162  |d 2138092